Drivers that competed in both F1 & Indycar - Statistics

General Stats
  • This quiz has been taken 14 times
  • The average score is 11 of 24
Answer Stats
Hint Answer % Correct
2014-15 Alexander Rossi
91%
2019-present Marcus Ericsson
91%
2001-2007 Michael Andretti
73%
2021-2024 Romain Grosjean
73%
2011 Scott Speed
73%
2018-2024 Pietro Fittipaldi
64%
2005-2021 Sebastien Bourdais
64%
2010-2025 Takuma Sato
64%
2017-2020 Fernando Alonso
55%
1999-2022 Juan Pablo Montoya
55%
2012 Jean Alesi
45%
2008-2015 Justin Wilson
45%
2016-2021 Max Chilton
45%
2012 Rubens Barrichello
45%
1996-2002, 2006 Eddie Cheever
36%
2014-20, 2022-24 Kevin Magnussen
36%
2009 Robert Doornbos
36%
2017 Esteban Gutierrez
27%
1996 Michele Alboreto
27%
2008 Enrique Bernoldi
18%
2009 Franck Montagny
18%
2003 Shinji Nakano
18%
2004-06 Tomáš Enge
18%
1996-2002 Eliseo Salazar
9%
No matching quizzes found
Score Distribution
Percent of People with Each Score
Percentile by Number Answered
Your Score History
You have not taken this quiz